00414nam a2200121Ia 4500008004100000020001500041050001600056245012900072260002700201300002000228500001300248700003100261151019s9999 xx 000 0 und d a9966984283 aE330.A1991  a_The spirit of a nation An anlysis of policy,ethics and customary rules of conduct for regulation fertility levels in kenya  aNairobi Shirikon 1991  aincludes index  a_ethics  a^d20101209 03:30:18^okorir